Tercer período de sesiones del Comité Intergubernamental de seguimiento y coordinación

Salvato in:
Dettagli Bibliografici
Ente Autore: Grupo 77
Natura: testo
Pubblicazione: New York: Group 77
Tags: Aggiungi Tag
Nessun Tag, puoi essere il primo ad aggiungerne!!

MARC

LEADER 00000 a a2200000 04500
001 24636
003
040
090 |a 177100  
110 |a Grupo 77  
245 |a Tercer período de sesiones del Comité Intergubernamental de seguimiento y coordinación  
260 |a New York:   |b Group 77  
300 |a 21 p.  
999 |c 10897  |d 10897